Nghiên cứu ứng dụng cọc khoan nhồi tiết diện nhỏ vào các công trình xây dựng : Báo cáo tổng kết đề tài khoa học và công nghệ cấp Trường
Nội dung đề tài nghiên cứu ứng dụng cọc khoan nhồi tiết diện nhỏ với đường kính 300-500mm, từ đó đưa ra giải pháp để nâng cao chất lượng giảng dạy ngành xây dựng và thúc đẩy công tác nghiên cứu trong cán bộ và sinh viên ngành xây dựng....
Salvato in:
| Autore principale: | |
|---|---|
| Natura: | Libro |
| Lingua: | Undetermined |
| Pubblicazione: |
Cần Thơ
Trường Đại học Cần Thơ
2007
|
| Soggetti: | |
| Tags: |
Aggiungi Tag
Nessun Tag, puoi essere il primo ad aggiungerne! !
|
| Thư viện lưu trữ: | Trung tâm Học liệu Trường Đại học Cần Thơ |
|---|
| LEADER | 01275nam a2200229Ia 4500 | ||
|---|---|---|---|
| 001 | CTU_204890 | ||
| 008 | 210402s9999 xx 000 0 und d | ||
| 082 | |a 624.154 | ||
| 082 | |b Gi106 | ||
| 088 | |a T2006-08 | ||
| 100 | |a Phạm, Hữu Hà Giang | ||
| 245 | 0 | |a Nghiên cứu ứng dụng cọc khoan nhồi tiết diện nhỏ vào các công trình xây dựng : | |
| 245 | 0 | |b Báo cáo tổng kết đề tài khoa học và công nghệ cấp Trường | |
| 245 | 0 | |c Phạm Hữu Hà Giang (Chủ nhiệm đề tài) | |
| 260 | |a Cần Thơ | ||
| 260 | |b Trường Đại học Cần Thơ | ||
| 260 | |c 2007 | ||
| 520 | |a Nội dung đề tài nghiên cứu ứng dụng cọc khoan nhồi tiết diện nhỏ với đường kính 300-500mm, từ đó đưa ra giải pháp để nâng cao chất lượng giảng dạy ngành xây dựng và thúc đẩy công tác nghiên cứu trong cán bộ và sinh viên ngành xây dựng. | ||
| 650 | |a Thi công,Pile drivers,Đóng cọc,Construction | ||
| 650 | |x Kiểm soát chất lượng,Quality control | ||
| 904 | |i Tuyến | ||
| 980 | |a Trung tâm Học liệu Trường Đại học Cần Thơ | ||